Vista normal
Vista MARC
Entrada Materia (personas)
Número de registros utilizados en: 1
001 - CONTROL NUMBER
- control field: 32564
003 - CONTROL NUMBER IDENTIFIER
- control field: Co-BoUCM
005 - DATE AND TIME OF LATEST TRANSACTION
- control field: 20130313094201.0
008 - FIXED-LENGTH DATA ELEMENTS
- fixed length control field: 130313|| aca||aabn | a|a d
040 ## - CATALOGING SOURCE
- Original cataloging agency: Co-BoUCM
- Transcribing agency: Co-BoUCM
100 ## - HEADING--PERSONAL NAME
- Personal name: Mumford, Andrew
- Dates associated with a name: 1983-
670 ## - SOURCE DATA FOUND
- Source citation: Work cat.: (Co-BoUCM)0: Mumford, Andrew 1983-, The counter-insurgency myth, 2012